[Event "50th Rilton Cup 2022-23"]
[Site "Stockholm SWE"]
[Date "2022.12.31"]
[Round "5.66"]
[White "Sadekov, Maksim"]
[Black "Lye, Lik Zang"]
[Result "0-1"]
[BlackTitle "FM"]
[WhiteElo "2113"]
[BlackElo "2241"]
[WhiteFideId "4508912"]
[BlackFideId "5712181"]
[EventDate "2022.12.27"]

1. d4 Nf6 2. c4 g6 3. Nc3 d5 4. e3 Bg7 5. Qb3 e6 6. Nf3 O-O 7. cxd5 exd5 8. Bd3
b6 9. O-O c5 10. Qa3 Qe7 11. Na4 Nbd7 12. Bd2 Bb7 13. Rac1 Rfc8 14. b3 Ne4 15.
dxc5 bxc5 16. Ba5 Bf8 17. Qb2 Ng5 18. Nxg5 Qxg5 19. f4 Qe7 20. Rce1 Bc6 21. Bc3
Rab8 22. Qf2 c4 23. Bc2 cxb3 24. Bxb3 Bxa4 25. Bxa4 Rxc3 26. f5 Nc5 27. fxg6
hxg6 28. Qg3 Rb2 29. Bb3 Nxb3 30. axb3 Rbxb3 31. Qf4 Rxe3 32. Rc1 Rbc3 33. Ra1
Re2 34. Kh1 Rcc2 35. Rg1 Qe4 36. Qg5 Be7 37. Qg3 Bc5 38. Qb8+ Kg7 39. Raf1 Bxg1 0-1

[Event "50th Rilton Cup 2022-23"]
[Site "Stockholm SWE"]
[Date "2022.12.31"]
[Round "5.67"]
[White "Levi, Netanel"]
[Black "Mittelberger, Peter"]
[Result "0-1"]
[WhiteElo "2179"]
[BlackElo "2206"]
[WhiteFideId "2815400"]
[BlackFideId "1602942"]
[EventDate "2022.12.27"]

1. e4 d6 2. d4 g6 3. Nc3 Bg7 4. Be3 a6 5. Qd2 b5 6. O-O-O Bb7 7. f3 Nd7 8. h4 h5
9. Nh3 Rc8 10. Ng5 c5 11. e5 cxd4 12. e6 fxe6 13. Bxd4 e5 14. Bd3 Nf8 15. Bf2
Nh6 16. Rhe1 Qa5 17. Kb1 Nf7 18. f4 Nxg5 19. hxg5 Rxc3 20. bxc3 e4 21. Bxe4 Bxc3
22. Qxc3 Qxc3 23. Bxb7 Qb4+ 24. Ka1 Qxf4 25. Bc6+ Nd7 26. Bc5 Kd8 27. Be3 Qc4
28. Be4 h4 29. Bxg6 h3 30. gxh3 Rxh3 31. Bc1 Nc5 32. Bf5 Rg3 33. g6 Na4 34. Re4
Qc3+ 35. Kb1 Qf3 36. Rd3 Nc3+ 37. Rxc3 Qxc3 38. Rh4 Rg1 39. g7 Qxg7 40. c3 Qxc3 0-1

[Event "50th Rilton Cup 2022-23"]
[Site "Stockholm SWE"]
[Date "2023.01.02"]
[Round "6.1"]
[White "Urkedal, Frode Olav Olsen"]
[Black "Raja, Rithvik R"]
[Result "1/2-1/2"]
[WhiteTitle "GM"]
[BlackTitle "GM"]
[WhiteElo "2536"]
[BlackElo "2453"]
[WhiteFideId "1506102"]
[BlackFideId "35007394"]
[EventDate "2022.12.27"]

1. d4 Nf6 2. c4 e6 3. Nf3 d5 4. Nc3 Bb4 5. Qa4+ Nc6 6. e3 O-O 7. Qc2 Re8 8. Bd2
Bf8 9. a3 e5 10. dxe5 Nxe5 11. cxd5 Nxf3+ 12. gxf3 Nxd5 13. O-O-O Nxc3 14. Bxc3
Qh4 15. Rd4 Qh6 16. h4 Be6 17. Rg1 Rad8 18. Rf4 Rd6 19. Bc4 Bxc4 20. Rxc4 Rc6
21. Rgg4 Rxc4 22. Rxc4 c5 23. Rf4 Rd8 24. a4 Qa6 25. Kb1 Qf1+ 26. Ka2 Rd1 27. b3
g6 28. Re4 Rc1 29. Qd2 Qd1 30. Qxd1 Rxd1 31. Re8 f5 1/2-1/2

[Event "50th Rilton Cup 2022-23"]
[Site "Stockholm SWE"]
[Date "2023.01.02"]
[Round "6.2"]
[White "Pranesh, M"]
[Black "Livaic, Leon"]
[Result "1-0"]
[WhiteTitle "IM"]
[BlackTitle "GM"]
[WhiteElo "2475"]
[BlackElo "2572"]
[WhiteFideId "35028600"]
[BlackFideId "14531534"]
[EventDate "2022.12.27"]

1. e4 c5 2. Nf3 g6 3. d4 cxd4 4. Nxd4 Nc6 5. c4 Nf6 6. Nc3 Nxd4 7. Qxd4 d6 8.
Be3 Bg7 9. Be2 O-O 10. Qd3 Be6 11. O-O Qa5 12. Bd4 Nd7 13. Bxg7 Kxg7 14. b3 a6
15. f4 f6 16. Kh1 Rfc8 17. Nd5 Qd8 18. Qe3 Rab8 19. a4 Bf7 20. Rad1 a5 21. Bg4
Bxd5 22. exd5 f5 23. Bf3 Nf6 24. Rde1 Rc7 25. Qd4 Kg8 26. h3 h5 27. Re6 Kf7 28.
Rfe1 b6 29. Kg1 h4 30. Qe3 Rbb7 31. g4 hxg3 32. Kg2 Qf8 33. Kxg3 Rc8 34. h4 Re8
35. h5 Qh6 36. hxg6+ Qxg6+ 37. Kf2 Ng4+ 38. Bxg4 Qxg4 39. Rh6 Rg8 40. Qe6+ Kf8
41. Rf6+ exf6 42. Qc8+ 1-0

[Event "50th Rilton Cup 2022-23"]
[Site "Stockholm SWE"]
[Date "2023.01.02"]
[Round "6.3"]
[White "Wadsworth, Matthew J"]
[Black "Abdrlauf, Elham"]
[Result "0-1"]
[WhiteTitle "IM"]
[BlackTitle "IM"]
[WhiteElo "2470"]
[BlackElo "2518"]
[WhiteFideId "415804"]
[BlackFideId "1533533"]
[EventDate "2022.12.27"]

1. c4 e6 2. g3 d5 3. Bg2 Nf6 4. Nf3 d4 5. d3 Bb4+ 6. Bd2 a5 7. O-O Nc6 8. e3 O-O
9. Bxb4 axb4 10. exd4 Nxd4 11. Nbd2 Nc6 12. Nb3 e5 13. d4 exd4 14. Nfxd4 Nxd4
15. Qxd4 Qxd4 16. Nxd4 Rd8 17. Nc2 c5 18. a3 bxa3 19. Nxa3 g6 20. Nb5 Rxa1 21.
Rxa1 Be6 22. b3 Rd3 23. Bxb7 Rxb3 24. Nd6 Rd3 25. Ne4 Nxe4 26. Bxe4 Rd4 27. Bd5
Bxd5 28. cxd5 Rxd5 29. Ra8+ Kg7 30. Kg2 Kf6 31. Kf3 h5 32. Rc8 Ke6 33. h4 Rf5+
34. Ke3 Kd5 35. f3 Kc4 36. Ke4 Rd5 37. Rc7 f5+ 38. Kf4 Kb5 39. Rb7+ Kc6 40. Rb8
c4 41. Rg8 Kb5 0-1

[Event "50th Rilton Cup 2022-23"]
[Site "Stockholm SWE"]
[Date "2023.01.02"]
[Round "6.4"]
[White "Horvath, Dominik"]
[Black "Parkhov, Yair"]
[Result "1/2-1/2"]
[WhiteTitle "IM"]
[BlackTitle "IM"]
[WhiteElo "2502"]
[BlackElo "2470"]
[WhiteFideId "1642561"]
[BlackFideId "2813408"]
[EventDate "2022.12.27"]

1. d4 Nf6 2. c4 e6 3. Nc3 Bb4 4. Qc2 d5 5. cxd5 exd5 6. Bg5 h6 7. Bh4 Nc6 8. e3
g5 9. Bg3 h5 10. Bb5 h4 11. Be5 O-O 12. h3 Qe7 13. Nf3 Nxe5 14. dxe5 Ne4 15. Rd1
Bf5 16. Bd3 f6 17. exf6 Rxf6 18. Nxg5 Nxf2 19. Qxf2 Bxd3 20. Nf3 Bc4 21. Rd4
Bxc3+ 22. bxc3 Qa3 23. Qxh4 Qxc3+ 24. Kf2 Qc2+ 25. Kg3 Raf8 26. Rg4+ Kf7 27. e4
Ke8 28. exd5 Bxd5 29. Qh5+ Bf7 30. Re1+ Kd8 31. Qg5 Qf5 32. Qe3 Bd5 33. Qd4 c6
34. Re5 Qd7 35. Qxa7 Bxf3 36. Qb8+ Qc8 37. Qxc8+ Kxc8 38. gxf3 Rxf3+ 39. Kh2 1/2-1/2

[Event "50th Rilton Cup 2022-23"]
[Site "Stockholm SWE"]
[Date "2023.01.02"]
[Round "6.5"]
[White "Prraneeth, Vuppala"]
[Black "Sasikiran, Krishnan"]
[Result "1/2-1/2"]
[WhiteTitle "IM"]
[BlackTitle "GM"]
[WhiteElo "2427"]
[BlackElo "2635"]
[WhiteFideId "46622373"]
[BlackFideId "5004985"]
[EventDate "2022.12.27"]

1. e4 g6 2. d4 Bg7 3. Nc3 d6 4. Be3 a6 5. Qd2 b5 6. O-O-O Bb7 7. f3 Nd7 8. h4 h5
9. Nh3 Ngf6 10. Ng5 e6 11. a3 Qe7 12. Kb1 Nb6 13. Be2 Nfd7 14. g4 O-O-O 15. gxh5
Rxh5 16. Bf2 Rhh8 17. Rhg1 c5 18. dxc5 dxc5 19. Qd6 Qxd6 20. Rxd6 Rdf8 21. Rxb6
Nxb6 22. Bxc5 Bxc3 23. bxc3 Na4 24. Bxf8 Rxf8 25. Bd3 Nxc3+ 26. Kc1 Kd7 27. Kd2
Na4 28. c4 bxc4 29. Bxc4 Ke7 30. Rb1 Nc5 31. Ke3 Rc8 32. Be2 Rc7 33. Rc1 e5 34.
Nh3 Rc8 35. f4 Nb3 36. Rxc8 Bxc8 37. Ng5 Nd4 38. Bd1 f6 39. Nf3 Nxf3 40. Bxf3
Kd6 41. Be2 a5 42. Bc4 Be6 43. fxe5+ Kxe5 44. Bxe6 Kxe6 45. a4 Ke5 46. Kf3 Ke6
47. Kg4 Kd7 48. h5 gxh5+ 49. Kxh5 Kd6 50. Kg6 Ke5 51. Kf7 f5 52. exf5 Kxf5 53.
Kg7 Ke5 54. Kg6 1/2-1/2

[Event "50th Rilton Cup 2022-23"]
[Site "Stockholm SWE"]
[Date "2023.01.02"]
[Round "6.6"]
[White "Smirin, Ilia"]
[Black "Thorn, Eric"]
[Result "1-0"]
[WhiteTitle "GM"]
[BlackTitle "FM"]
[WhiteElo "2596"]
[BlackElo "2397"]
[WhiteFideId "2801990"]
[BlackFideId "1710729"]
[EventDate "2022.12.27"]

1. e4 e5 2. Nf3 Nc6 3. Bb5 a6 4. Ba4 Nf6 5. O-O Be7 6. Re1 b5 7. Bb3 O-O 8. a4
b4 9. d3 d6 10. c3 Rb8 11. Nbd2 h6 12. h3 Re8 13. a5 Bf8 14. Nc4 Be6 15. Ba4 Bd7
16. Ne3 g6 17. Bd2 bxc3 18. bxc3 Rb7 19. Bb3 Be6 20. Nd5 Bxd5 21. exd5 Ne7 22.
Ba4 Nd7 23. d4 Bg7 24. Qe2 Ra7 25. Qc4 Rf8 26. dxe5 dxe5 27. Rad1 Nf5 28. Bxd7
Qxd7 29. Nxe5 Qd6 30. Bf4 Qa3 31. Ra1 Qb2 32. Reb1 Qc2 33. Rc1 Qb2 34. Rab1 Qa3
35. Nc6 Raa8 36. Bxc7 Rac8 37. Bb6 Nd6 38. Qc5 1-0

[Event "50th Rilton Cup 2022-23"]
[Site "Stockholm SWE"]
[Date "2023.01.02"]
[Round "6.7"]
[White "Meshkovs, Nikita"]
[Black "Koelle, Tobias"]
[Result "1-0"]
[WhiteTitle "GM"]
[BlackTitle "FM"]
[WhiteElo "2566"]
[BlackElo "2439"]
[WhiteFideId "11602740"]
[BlackFideId "16207378"]
[EventDate "2022.12.27"]

1. d4 Nf6 2. Bg5 e6 3. e3 c5 4. Nd2 cxd4 5. exd4 Be7 6. c3 b6 7. Ngf3 O-O 8. a4
Nd5 9. Bxe7 Qxe7 10. Bc4 Nf4 11. g3 d5 12. Bb5 a6 13. Bf1 Ng6 14. Bg2 a5 15. O-O
Ba6 16. Re1 Nd7 17. h4 Qd6 18. h5 Ne7 19. Ne5 h6 20. Nxd7 Qxd7 21. Nf3 b5 22.
Ne5 Qd6 23. axb5 Bxb5 24. c4 Bxc4 25. Nxc4 dxc4 26. Bxa8 Rxa8 27. Ra4 Nf5 28.
Rxc4 Rd8 29. d5 exd5 30. Rf4 Ne7 31. Qd3 d4 32. Rfe4 Rd7 33. Rd1 Qc5 34. g4 1-0

[Event "50th Rilton Cup 2022-23"]
[Site "Stockholm SWE"]
[Date "2023.01.02"]
[Round "6.10"]
[White "Thybo, Jesper Sondergaard"]
[Black "Milikow, Elie"]
[Result "1/2-1/2"]
[WhiteTitle "GM"]
[BlackTitle "FM"]
[WhiteElo "2515"]
[BlackElo "2427"]
[WhiteFideId "1438832"]
[BlackFideId "371281868"]
[EventDate "2022.12.27"]

1. e4 c5 2. Nf3 Nc6 3. Bb5 g6 4. Bxc6 dxc6 5. d3 Bg7 6. h3 Nf6 7. a4 a5 8. Be3
b6 9. Qc1 h6 10. Nfd2 Nd7 11. f4 e5 12. Nf3 exf4 13. Bxf4 Qe7 14. O-O g5 15. Bg3
Nf8 16. Nbd2 Be6 17. b3 Bxa1 18. Qxa1 f6 19. Nh2 Nd7 20. Nc4 Bxc4 21. bxc4 h5
22. Rf5 O-O-O 23. Nf1 h4 24. Bh2 g4 25. hxg4 h3 26. Ne3 hxg2 27. Qe1 Rh3 28. Rh5
Rxh5 29. gxh5 Ne5 30. Qf2 Rg8 31. h6 Kb7 32. Nf5 Qe6 33. Bg3 Ng4 34. Qf4 Qe5 35.
Qf3 Qa1+ 36. Kxg2 Ne5 37. h7 Rh8 38. Nd6+ Ka6 39. Bxe5 Qxa4 40. Bg3 Qxc2+ 41.
Bf2 Rxh7 42. Nf5 Ka7 43. d4 cxd4 44. Nxd4 Rg7+ 45. Kh2 Rh7+ 46. Kg2 Rg7+ 47. Kh2
Rh7+ 1/2-1/2

[Event "50th Rilton Cup 2022-23"]
[Site "Stockholm SWE"]
[Date "2023.01.02"]
[Round "6.11"]
[White "Alonso Garcia, Aaron"]
[Black "Kulaots, Kaido"]
[Result "0-1"]
[WhiteTitle "IM"]
[BlackTitle "GM"]
[WhiteElo "2439"]
[BlackElo "2513"]
[WhiteFideId "24521060"]
[BlackFideId "4500261"]
[EventDate "2022.12.27"]

1. e4 c5 2. Nf3 d6 3. d4 cxd4 4. Nxd4 Nf6 5. Nc3 a6 6. f3 e5 7. Nb3 Be6 8. Be3
h5 9. Nd5 Bxd5 10. exd5 Nbd7 11. Qd2 Qc7 12. c4 a5 13. Rc1 a4 14. Na1 Qa5 15.
Qxa5 Rxa5 16. Nc2 g6 17. Na3 Bh6 18. Bxh6 Rxh6 19. Be2 h4 20. Kf2 Ke7 21. Nb5
Nc5 22. Rhd1 Nh5 23. Rb1 Nf4 24. Bf1 Rh8 25. Rd2 Nd7 26. b4 axb3 27. axb3 Rha8
28. g3 Nh5 29. Be2 Ra2 30. Rbb2 Ra1 31. Rd1 R8a2 32. Rdd2 Rxb2 33. Rxb2 h3 34.
Bf1 Nxg3 35. Bxh3 Nh5 36. Bxd7 Kxd7 37. Nc3 Nf4 38. Rb1 Ra8 39. Ke3 Rh8 40. Rb2
f5 41. Rf2 Ke7 42. Ne2 Nh3 43. Rg2 Kf6 44. Nc3 Ng5 45. Nb5 f4+ 46. Kf2 e4 47.
Nxd6 exf3 48. Rxg5 Rxh2+ 49. Kxf3 Kxg5 50. c5 Rh3+ 51. Ke4 Rxb3 52. Nxb7 Rxb7
53. d6 Rd7 54. Kd5 f3 55. c6 Rxd6+ 56. Kxd6 f2 57. c7 f1=Q 58. c8=Q Qf6+ 0-1

[Event "50th Rilton Cup 2022-23"]
[Site "Stockholm SWE"]
[Date "2023.01.02"]
[Round "6.12"]
[White "Moksh, Amit Doshi"]
[Black "Seo, Jung Min"]
[Result "1/2-1/2"]
[WhiteTitle "IM"]
[BlackTitle "IM"]
[WhiteElo "2414"]
[BlackElo "2502"]
[WhiteFideId "25064967"]
[BlackFideId "1734687"]
[EventDate "2022.12.27"]

1. d4 Nf6 2. c4 e6 3. Nf3 d5 4. Nc3 dxc4 5. e4 b5 6. e5 Nd5 7. Nxb5 Nb6 8. Be2
Be7 9. O-O Nc6 10. Be3 O-O 11. Qc1 Rb8 12. Rd1 Ba6 13. Nc3 Nb4 14. Ne4 Nd3 15.
Bxd3 cxd3 16. Ne1 Nd7 17. f4 Qc8 18. Nxd3 Qb7 19. Nef2 Qd5 20. Rd2 Rfc8 21. Nd1
Bb7 22. Nc3 Qa5 23. a3 c5 24. dxc5 Nxc5 25. Nxc5 Bxc5 26. Bxc5 Qxc5+ 27. Kh1 h6
28. Qg1 Qxg1+ 29. Kxg1 Rc4 30. g3 Bc6 31. Rc1 g5 32. Ne2 Rxc1+ 33. Nxc1 gxf4 34.
gxf4 Kh7 35. Kf2 Kg6 36. Ne2 f6 37. Nd4 Bd5 38. Ke3 a5 39. Rf2 Kf7 40. Rc2 Rb7
41. Ne2 Kg6 42. Nc3 Bh1 43. Rc1 Bc6 44. Rc2 Bh1 45. Kd4 Kf5 46. exf6 Kxf6 47.
Kc5 Rb8 48. Rf2 h5 49. Nb5 h4 50. Nd6 h3 51. b4 axb4 52. axb4 Rg8 53. b5 Rg1 54.
b6 Rc1+ 55. Kb5 Rb1+ 56. Kc5 Rc1+ 57. Kb5 1/2-1/2

[Event "50th Rilton Cup 2022-23"]
[Site "Stockholm SWE"]
[Date "2023.01.02"]
[Round "6.13"]
[White "Kucuksari, Kaan"]
[Black "Sokolovsky, Yahli"]
[Result "1-0"]
[WhiteTitle "IM"]
[BlackTitle "IM"]
[WhiteElo "2492"]
[BlackElo "2415"]
[WhiteFideId "6380166"]
[BlackFideId "2820242"]
[EventDate "2022.12.27"]

1. d4 Nf6 2. c4 g6 3. g3 Bg7 4. Bg2 O-O 5. Nc3 d6 6. Nf3 Nbd7 7. O-O e5 8. e4
exd4 9. Nxd4 Nc5 10. h3 Re8 11. Re1 a5 12. Qc2 Be6 13. Nxe6 Rxe6 14. Be3 Nfd7
15. Nd5 Re8 16. Rad1 a4 17. Bd4 Bxd4 18. Rxd4 Ne6 19. Rd2 c5 20. Qc3 Nd4 21. f4
Nf6 22. Nb4 a3 23. bxa3 Qa5 24. Re3 Re6 25. Rb2 Qa4 26. Nc2 Rae8 27. Qd3 Qa7 28.
Nxd4 cxd4 29. Ree2 Nd7 30. Rbd2 Nc5 31. Qxd4 Qxa3 32. Kh2 Qa5 33. Rb2 Qc7 34.
Rb5 b6 35. Rb1 Nd7 36. Rd2 R8e7 37. Rb5 Qa7 38. Rd5 Nf6 39. f5 gxf5 40. exf5 Re5
41. Rxd6 1-0

[Event "50th Rilton Cup 2022-23"]
[Site "Stockholm SWE"]
[Date "2023.01.02"]
[Round "6.16"]
[White "Olsson, William"]
[Black "Gorshtein, Ido"]
[Result "1/2-1/2"]
[WhiteTitle "FM"]
[BlackTitle "IM"]
[WhiteElo "2290"]
[BlackElo "2469"]
[WhiteFideId "1741721"]
[BlackFideId "2815532"]
[EventDate "2022.12.27"]

1. c4 c6 2. Nf3 d5 3. g3 Nf6 4. Bg2 dxc4 5. O-O Nbd7 6. Qc2 Nb6 7. Na3 Be6 8.
Ne5 Qd4 9. Nxc6 bxc6 10. Bxc6+ Bd7 11. Bxa8 Nxa8 12. Qxc4 Qb6 13. d4 e6 14. Qd3
Be7 15. Nc4 Qa6 16. a4 O-O 17. Ne5 Qb7 18. Nxd7 Qxd7 19. Bd2 Rb8 20. Bc3 Nb6 21.
a5 Nbd5 22. e4 Nc7 23. Rac1 Nb5 24. Rfd1 Qb7 25. f3 Rd8 26. Kg2 h6 27. Qe2 a6
28. Rd3 Kh8 29. Rcd1 Nc7 30. Qe3 Kg8 31. d5 exd5 32. Qb6 Qc8 33. Bxf6 Bxf6 34.
exd5 Nb5 35. d6 Rd7 36. Rd5 Kh7 37. Qc5 Qa8 38. R5d2 g6 39. Rc2 Kg7 40. Qc8 Qxc8
41. Rxc8 Nd4 42. Rb8 Rxd6 1/2-1/2

[Event "50th Rilton Cup 2022-23"]
[Site "Stockholm SWE"]
[Date "2023.01.02"]
[Round "6.17"]
[White "Blomqvist, Erik"]
[Black "Nandhidhaa, P V"]
[Result "1-0"]
[WhiteTitle "GM"]
[BlackTitle "WGM"]
[WhiteElo "2544"]
[BlackElo "2358"]
[WhiteFideId "1709437"]
[BlackFideId "5050847"]
[EventDate "2022.12.27"]

1. e4 c5 2. c3 Nf6 3. e5 Nd5 4. Nf3 d6 5. Bb5+ Bd7 6. Bc4 e6 7. d4 cxd4 8. Bxd5
exd5 9. O-O Be6 10. Nxd4 dxe5 11. Nxe6 fxe6 12. Qh5+ Kd7 13. c4 d4 14. Qxe5 Nc6
15. Qb5 Qb6 16. Nd2 Qxb5 17. cxb5 Nb4 18. Nf3 Nc2 19. Rb1 Bd6 20. Rd1 e5 21. Ng5
Rac8 22. Bd2 h6 23. Ne4 Rhd8 24. Kf1 Ke6 25. Ke2 Bb4 26. Bc1 Rd5 27. a3 Be7 28.
a4 Rdd8 29. Rd3 Nb4 30. Rg3 g5 31. Bd2 Rc4 32. f3 d3+ 33. Kd1 Rf8 34. Rh3 g4 35.
Rxh6+ Kd7 36. Bxb4 Bxb4 37. Nf6+ Kd8 38. Rc1 gxf3 39. gxf3 Rf4 40. Nd5 Rxf3 41.
Nxb4 Rf1+ 42. Kd2 R8f2+ 43. Ke3 Rf3+ 44. Ke4 d2 45. Rd6+ Ke7 46. Rxf1 Rxf1 47.
Rxd2 Rf4+ 48. Kxe5 Rxb4 49. Rd4 Rxb2 50. h4 a6 51. bxa6 bxa6 52. Kd5 Kd7 53. Rg4
Kc7 54. h5 Rh2 55. Rg5 Ra2 56. Ke6 Rxa4 57. Kf7 a5 58. h6 Rh4 59. Kg7 a4 60. h7
Kb6 61. h8=Q Rxh8 62. Kxh8 a3 63. Rg3 1-0

[Event "50th Rilton Cup 2022-23"]
[Site "Stockholm SWE"]
[Date "2023.01.02"]
[Round "6.18"]
[White "Hillarp Persson, Tiger"]
[Black "Lopez Mulet, Inigo"]
[Result "1/2-1/2"]
[WhiteTitle "GM"]
[BlackTitle "IM"]
[WhiteElo "2523"]
[BlackElo "2389"]
[WhiteFideId "1700812"]
[BlackFideId "22235620"]
[EventDate "2022.12.27"]

1. c4 Nf6 2. Nc3 e6 3. d4 Bb4 4. Qc2 b6 5. e4 c5 6. d5 Qe7 7. Ne2 exd5 8. exd5
d6 9. Bd2 O-O 10. O-O-O a6 11. Ng3 Re8 12. Bd3 Nbd7 13. Rde1 Ne5 14. a3 Ba5 15.
Be2 Qd8 16. f4 Ng6 17. h4 h6 18. Bd3 Rxe1+ 19. Rxe1 Nf8 20. h5 Rb8 21. Nf5 Bxf5
22. Bxf5 b5 23. g4 b4 24. Nb1 bxa3 25. Nxa3 Bxd2+ 26. Qxd2 Qb6 27. Nb1 Qb3 28.
Qc3 Qxc3+ 29. Nxc3 Rb4 30. Bd3 Nxg4 31. Ne4 Rb6 32. Rg1 Nd7 33. Rxg4 f5 34. Rg3
fxe4 35. Bxe4 Rb4 36. Bd3 Nf6 37. Rh3 a5 38. Be2 Kf7 39. Re3 Rb7 40. Kc2 Re7 41.
Rxe7+ Kxe7 42. Kb3 Ne4 43. Ka4 Ng3 44. Bg4 Nf1 45. Kxa5 Ne3 46. Be2 Ng2 47. b4
cxb4 48. Kxb4 Nxf4 49. Bf3 Kf6 50. Kb5 Nd3 51. Be2 Nc5 52. Kc6 1/2-1/2

[Event "50th Rilton Cup 2022-23"]
[Site "Stockholm SWE"]
[Date "2023.01.02"]
[Round "6.19"]
[White "Park, Evan"]
[Black "Keinanen, Toivo"]
[Result "1-0"]
[WhiteTitle "IM"]
[BlackTitle "IM"]
[WhiteElo "2362"]
[BlackElo "2508"]
[WhiteFideId "30931142"]
[BlackFideId "509825"]
[EventDate "2022.12.27"]

1. e4 e6 2. d4 d5 3. Nc3 Nf6 4. e5 Nfd7 5. f4 c5 6. Nf3 Qb6 7. Be3 a6 8. Na4
Qa5+ 9. c3 cxd4 10. b4 Qc7 11. Bxd4 Nc6 12. a3 b5 13. Nb2 Be7 14. Be2 O-O 15.
Nd3 Nb6 16. O-O Nc4 17. Qe1 a5 18. Qg3 Bd7 19. Nc5 Nxd4 20. cxd4 axb4 21. axb4
Ne3 22. Rfc1 Rxa1 23. Rxa1 Nc2 24. Rb1 Ra8 25. Bd3 Nxb4 26. Rxb4 Bxc5 27. dxc5
Qxc5+ 28. Rd4 Ra1+ 29. Kf2 Ra2+ 30. Be2 b4 31. Qh4 Qf8 32. f5 b3 33. Rb4 b2 34.
fxe6 fxe6 35. Rb6 Ra4 36. Qg5 Qc5+ 37. Qe3 d4 38. Rb8+ Bc8 39. Qd3 Rb4 40. Rxb4
Qxb4 41. Qb1 Bb7 42. Bd3 h6 43. Qc2 Ba6 44. Bh7+ Kh8 45. Bg6 Qb6 46. Qa4 d3+ 47.
Kg3 Qb8 48. Nd2 Bb5 49. Qd4 Ba6 50. Qd6 Qc8 51. Qb6 h5 52. Qxb2 Bb7 53. Qd4 Bd5
54. Qh4 Kg8 55. Qe7 h4+ 56. Qxh4 Qc5 57. Qd8+ 1-0

[Event "50th Rilton Cup 2022-23"]
[Site "Stockholm SWE"]
[Date "2023.01.02"]
[Round "6.20"]
[White "Dann, Matthias"]
[Black "Peyrer, Konstantin"]
[Result "1/2-1/2"]
[WhiteTitle "IM"]
[BlackTitle "FM"]
[WhiteElo "2465"]
[BlackElo "2380"]
[WhiteFideId "24638056"]
[BlackFideId "1640879"]
[EventDate "2022.12.27"]

1. e4 c5 2. Nf3 d6 3. d4 cxd4 4. Nxd4 Nf6 5. Nc3 a6 6. h4 e5 7. Nb3 Be6 8. f4 g6
9. Qf3 Nc6 10. Bd3 exf4 11. Bxf4 Bg7 12. Be2 Ne5 13. Qg3 Neg4 14. Bxg4 Bxg4 15.
Bxd6 Nh5 16. Qxg4 Bxc3+ 17. bxc3 Qxd6 18. Rd1 Qc6 19. O-O O-O 20. Nd4 Qxc3 21.
Rd3 Qc4 22. Nf5 Rae8 23. Nh6+ Kg7 24. Nf5+ Kh8 25. Nd6 Qc5+ 26. Kh1 Re7 27. Qf3
f6 28. g4 Ng7 29. c4 Ne8 30. Rd5 Qc6 31. c5 Nc7 32. Rd3 Ne6 33. Rd5 Nxc5 34.
Rfd1 Nd7 35. Qf4 Kg8 36. Rc1 Qa4 37. Rc4 Qxa2 38. Rc7 b5 39. Rd2 Qe6 40. Nc8
Ref7 41. Rd6 Qe5 42. Qxe5 Nxe5 43. Ne7+ Kg7 44. Rxa6 Nxg4 45. Kg2 Rd8 46. Raa7
Rd2+ 47. Kg3 Ne5 48. h5 b4 49. Nd5 gxh5 50. Rxf7+ Nxf7 51. Nf4 Rd6 52. Nxh5+ Kf8
53. Rb7 Ng5 54. Rxb4 Rd3+ 55. Kg4 Ne6 56. Kf5 Ke7 57. Rb7+ Rd7 58. Rxd7+ Kxd7
59. Nxf6+ Ke7 60. Nxh7 Nc5 61. e5 Nd7 62. e6 Nc5 63. Ng5 Nxe6 64. Nxe6 1/2-1/2

[Event "50th Rilton Cup 2022-23"]
[Site "Stockholm SWE"]
[Date "2023.01.02"]
[Round "6.21"]
[White "Oratovsky, Michael"]
[Black "Sawatzki, Frank"]
[Result "1/2-1/2"]
[WhiteTitle "GM"]
[BlackTitle "FM"]
[WhiteElo "2422"]
[BlackElo "2369"]
[WhiteFideId "2802090"]
[BlackFideId "4613600"]
[EventDate "2022.12.27"]

1. e4 c5 2. Nf3 Nc6 3. Bb5 g6 4. Bxc6 dxc6 5. d3 Bg7 6. h3 Nf6 7. Nc3 Nd7 8. Be3
e5 9. Qd2 h6 10. O-O b6 11. Nh2 Nf8 12. f4 exf4 13. Bxf4 Ne6 14. Be3 Nd4 15.
Rae1 Be6 16. e5 Nf5 17. Nf3 Bd5 18. Nxd5 Qxd5 19. Bf4 O-O-O 20. b3 Rhe8 21. a4
a5 22. Qf2 Kb7 23. Re4 Nd4 24. Bh2 Rd7 25. Rfe1 Nxf3+ 26. Qxf3 Re6 27. R1e3 Rde7
28. Qe2 Qd8 29. Bg3 Qh8 30. Kh1 Qe8 31. Qe1 Rd7 32. Re2 Rde7 33. R2e3 Rd7 34.
Re2 Rde7 1/2-1/2

[Event "50th Rilton Cup 2022-23"]
[Site "Stockholm SWE"]
[Date "2023.01.02"]
[Round "6.22"]
[White "Sidhant, Mohapatra"]
[Black "Milikow, Yoav"]
[Result "1-0"]
[WhiteTitle "IM"]
[BlackTitle "IM"]
[WhiteElo "2337"]
[BlackElo "2416"]
[WhiteFideId "5028698"]
[BlackFideId "2822237"]
[EventDate "2022.12.27"]

1. d4 Nf6 2. Nf3 d5 3. Bf4 e6 4. e3 c5 5. c3 Nc6 6. Nbd2 cxd4 7. exd4 Nh5 8. Be3
Bd6 9. Ne5 g6 10. g4 Ng7 11. h4 Nxe5 12. dxe5 Bxe5 13. Nf3 Bc7 14. h5 gxh5 15.
Bh6 Rg8 16. Rg1 Qf6 17. Bg5 Qg6 18. Bd3 f5 19. Qa4+ Bd7 20. Qb4 Qf7 21. Qxb7 Rc8
22. Bb5 Kf8 23. Bxd7 Qxd7 24. Ne5 1-0

[Event "50th Rilton Cup 2022-23"]
[Site "Stockholm SWE"]
[Date "2023.01.02"]
[Round "6.23"]
[White "Richter, Nils"]
[Black "Eggleston, David J"]
[Result "1/2-1/2"]
[WhiteTitle "FM"]
[BlackTitle "IM"]
[WhiteElo "2416"]
[BlackElo "2359"]
[WhiteFideId "12990809"]
[BlackFideId "412120"]
[EventDate "2022.12.27"]

1. Nf3 Nf6 2. g3 e6 3. Bg2 d5 4. O-O Be7 5. d4 O-O 6. c4 dxc4 7. Ne5 Nc6 8. Nxc6
bxc6 9. Na3 Bxa3 10. bxa3 Rb8 11. Qa4 Qxd4 12. Be3 Qe5 13. Qxc4 Nd5 14. Bxa7 Ra8
15. Bc5 Ba6 16. Qe4 Qxe4 17. Bxe4 Rfb8 18. Rfe1 Rb2 19. e3 Bc4 20. Rac1 Bxa2 21.
Bd4 Rb3 22. Rxc6 Rbxa3 23. g4 h6 24. h4 R3a5 25. Kh2 Nf6 26. Bxf6 gxf6 27. Rxc7
Bd5 28. Bxd5 Rxd5 29. Rb1 Rf8 30. Kg3 f5 31. g5 Kg7 32. f4 1/2-1/2